Guess the 90s Song from the Lyrics - Statistics

General Stats
  • This quiz has been taken 89 times
  • The average score is 6 of 15
Answer Stats
Hint Answer % Correct
If you want my future, forget my past
If you wanna get with me, better make it fast
Now don't go wasting my precious time
Get your act together we could be just fine
Wannabe
79%
And all the roads we have to walk are winding And all the lights that lead us there are blinding There are many things that I would like to say to you But I don't know how Because maybe You're gonna be the one that saves me And after all Wonderwall
59%
Every night in my dreams
I see you, I feel you
That is how I know you go on
Far across the distance
And spaces between us
You have come to show you go on
My Heart Will Go On
57%
My loneliness is killin' me (And I) I must confess, I still believe (Still believe) When I'm not with you, I lose my mind Give me a sign Baby one more time
54%
In your head, in your head -----------, ------------, ----------------
What's in your head, in your head?
-----------, -------------,--------------, oh
Zombie
47%
Oh, life is bigger It's bigger than you, and you are not me The lengths that I will go to The distance in your eyes Oh no, I've said too much I set it up Losing my Religion
44%
I don't ever wanna feel like I did that day Take me to the place I love, take me all the way I don't ever wanna feel like I did that day Take me to the place I love, take me all the way Under the Bridge
40%
You and me, we used to be together Every day together, always I really feel that I'm losin' my best friend I can't believe this could be the end It looks as though you're lettin' go And if it's real, well, I don't want to know Don't Speak
37%
Love me love me
Say that you love me
Fool me fool me
Go on and fool me
Love me love me
Pretend that you love me
Leave me leave me
Just say that you need me
Lovefool
31%
I'm all out of faith, this is how I feel I'm cold and I am shamed Lying naked on the floor Illusion never changed Into something real I'm wide awake and I can see the perfect sky is ------ You're a little late I'm already ------ Torn
29%
------, ------- (West Coast)
She reminds me of a West Side Story
Growing up in Spanish Harlem
She's living the life just like a movie star
Oh, -------,--------
She fell in love in East L.A.
I said to the sounds of the guitar, yeah, yeah
Played by Carlos Santana
Maria Maria
20%
And all I can taste is this moment And all I can breathe is your life And sooner or later, it's over I just don't wanna miss you tonight İris
17%
My tea's gone cold, I'm wondering why I got out of bed at all The morning rain clouds up my window, and I can't see at all And even if I could it'd all be grey, but your picture on my wall It reminds me that it's not so bad, it's not so bad Thank you
17%
-------------, let the rhythm take you over -------------- Te quiero amor mío, ----------------
Gonna live this night forever
---------------- Te quiero amor mío, te quiero
Bailamos
10%
Hello, hello, hello, how low?
Hello, hello, hello, how low?
Hello, hello, hello, how low?
Hello, hello, hello With the lights out, it's less dangerous
Here we are now, entertain us
I feel stupid and contagious
Here we are now, entertain us
A mulatto, an albino
A mosquito, my libido, yeah
Hey, yey
Smells Like Teen Spirit
10%
No matching quizzes found
Score Distribution
Percent of People with Each Score
Percentile by Number Answered
Your Score History
You have not taken this quiz